00422nam a2200121Ia 4500008004100000041000800041082001600049100001800065245009400083260005900177300001900236520004500255240719s9999 xx 000 0 und d aeng a658.421 DEY aMishra Shreya aCase Studies On Entrepreneurial Ecosystem, Sustainable Business And Stakeholder Dynamics  aNew DelhibBloomsbury Publishing India Pvt. Ltd c2022 a284.; P. 24 Cm aGifted By : IMT Faculty Dr.senthil kumar